000 00529nam a22001697a 4500
005 20251108175713.0
008 250721s2019 xx 000 0 ara d
082 1 4 _a501/غضب
100 1 _aالغضبان، محمد يزيد
245 1 0 _aفلسفة العلوم الطبيعية /
264 1 _aعمان :
_bمكتبة المجتمع العربي للنشر و التوزيع،
_c2019.
300 _a427ص.
650 1 7 _aالفلسفة
650 1 7 _aالعلوم الطبيعية
942 _2ddc
_cBK
999 _c140397
_d140397